| 000 | 00397nam a2200145Ia 4500 | ||
|---|---|---|---|
| 008 | 151021s9999 xx 000 0 und d | ||
| 020 | _a9.780070179e+012 | ||
| 050 | _aQA374.D81986 | ||
| 245 | _a_Partial Defferential Equations | ||
| 260 | _aUSA McGraw-Hill 1976 | ||
| 300 | _a241p.: | ||
| 500 | _aIncludes Index | ||
| 650 | _a_Auxillary Conditions. | ||
| 980 | _a^d20110105 03:52:24^okilerai | ||
| 999 |
_c5761 _d5761 |
||